European indirect property vehicle navigator created (Record no. 73742)
[ view plain ]
| 000 -LEADER | |
|---|---|
| fixed length control field | 01386cam a2200241 4500 |
| 001 - CONTROL NUMBER | |
| control field | WB3924-04 |
| 008 - FIXED-LENGTH DATA ELEMENTS--GENERAL INFORMATION | |
| fixed length control field | 031105n2003 000 0 eng u |
| 035 ## - SYSTEM CONTROL NUMBER | |
| System control number | (Sirsi) u124234 |
| 245 ## - TITLE STATEMENT | |
| Title | European indirect property vehicle navigator created |
| 260 ## - PUBLICATION, DISTRIBUTION, ETC. | |
| Date of publication, distribution, etc. | 2003 |
| 490 ## - SERIES STATEMENT | |
| Series statement | DTZ News |
| Volume/sequential designation | 27 October 2003 (1) |
| 520 ## - SUMMARY, ETC. | |
| Summary, etc. | DTZ has launched a new database providing information about investment in European property vehicles. "DTZ navigator" contains details of over 400 European property funds with links to their websites and is freely available after registration. It results from a project of the European Indirect Vehicles Group. Holdings in European private property vehicles have grown by 38% in relation to two years previously and the market is likely to expand with the possibility of a UK real estate investment trust type of vehicle in the near future. "DTZ navigator" is available at http://www.dtzcorporatefinance.com/ http://www.dtz.com/www/dtzglobal.nsf/docs/5SMLWVLBAK?opendocument&subcat=&lang=1 |
| 590 ## - LOCAL NOTE (RLIN) | |
| Local note | WB |
| 650 ## - SUBJECT ADDED ENTRY--TOPICAL TERM | |
| Topical term or geographic name entry element | REITS |
| 650 ## - SUBJECT ADDED ENTRY--TOPICAL TERM | |
| Topical term or geographic name entry element | REITS |
| 650 ## - SUBJECT ADDED ENTRY--TOPICAL TERM | |
| Topical term or geographic name entry element | EUROPEAN INDIRECT PROPERTY VEHICLES |
| 650 ## - SUBJECT ADDED ENTRY--TOPICAL TERM | |
| Topical term or geographic name entry element | PROPERTY INVESTMENT |
| 650 ## - SUBJECT ADDED ENTRY--TOPICAL TERM | |
| Topical term or geographic name entry element | EUROPEAN PROPERTY INVESTMENT |
| 650 ## - SUBJECT ADDED ENTRY--TOPICAL TERM | |
| Topical term or geographic name entry element | PROPERTY FUNDS |
| 650 ## - SUBJECT ADDED ENTRY--TOPICAL TERM | |
| Topical term or geographic name entry element | EUROPEAN INDIRECT VEHICLES GROUP |
| 690 ## - LOCAL SUBJECT ADDED ENTRY--TOPICAL TERM (OCLC, RLIN) | |
| Topical term or geographic name as entry element | PROPERTY-COMMERCIAL PROPERTY-COMMERCIAL PROPERTY FINANCE AND INVESTMENT |
| 942 ## - ADDED ENTRY ELEMENTS (KOHA) | |
| Suppress in OPAC | 0 |
| Withdrawn status | Lost status | Source of classification or shelving scheme | Damaged status | Not for loan | Home library | Current library | Shelving location | Date acquired | Total Checkouts | Full call number | Barcode | Date last seen | Copy number | Price effective from | Koha item type |
|---|---|---|---|---|---|---|---|---|---|---|---|---|---|---|---|
| Dewey Decimal Classification | London | London | News article | 05/11/2003 | WB3924-04 | 124234-1001 | 06/08/2019 | 1 | 06/08/2019 | News article |